Psicología de la lectura
Guardat en:
| Autor principal: | |
|---|---|
| Format: | Llibre |
| Idioma: | espanyol |
| Publicat: |
Madrid
Wolters Kluwer
2011
|
| Edició: | 8a. ed |
| Matèries: | |
| Etiquetes: |
Afegir etiqueta
Sense etiquetes, Sigues el primer a etiquetar aquest registre!
|
MARC
| LEADER | 00000cam a2200000 a 4500 | ||
|---|---|---|---|
| 001 | UCD6199 | ||
| 003 | CL-VaPUC | ||
| 008 | 161124e20110000sp |||||||||||||||||spa|d | ||
| 020 | |a 9788471979001 | ||
| 082 | 0 | 4 | |a 371.9144 |b CUE |2 21 |
| 100 | 0 | |a Cuetos Vega, Fernando |e author |9 589919 | |
| 245 | 1 | 0 | |a Psicología de la lectura |
| 250 | |a 8a. ed | ||
| 300 | |a 222 p | ||
| 942 | |c BK | ||
| 945 | |d 20161124 22:47:00 |a dcastane | ||
| 260 | |a Madrid |b Wolters Kluwer |c 2011 | ||
| 650 | 0 | |a Psicolingüística |9 283371 | |
| 650 | 0 | |a Educación especial |9 307486 | |
| 650 | 7 | |a PSICOLOGIA DE LA LECTURA |2 CL-VaPUC |9 307355 | |
| 650 | 0 | |a Enseñanza de la lectura |9 308364 | |
| 583 | |a last modification |c 20161124 22:47:00 |k Rodrigo Vera | ||
| 999 | |c 366564 |d 366562 | ||
| 952 | |0 0 |1 0 |3 erb |4 0 |6 371_914400000000000_CUE_2011 |7 0 |8 A |9 480854 |a BIBEDU |b BIBEDU |c ES_NOD |i 5350301 |o 371.9144 CUE 2011 |p 5350301 |r 2023-08-09 |w 2019-11-24 |y BK |z Catalogado en:20161124 |k EPE | ||